"Од Калниша вісті..." (Запис № 286725)

МАРК-запис
000 -Лідер
fixed length control field 00697nam a22002417a 4500
003 - Ідентифікатор контрольного номера
control field UA-OsUOA
001 - Контрольний номер
control field 559
007 - Фіксоване поле фізичного опису
fixed length control field ta
008 - Елементи даних фіксованої довжини – загальна інформація
fixed length control field 20050609b un ||||| |||| 00| 0 ukr d
090 ## - Локальний шифр розміщення
Класифікаційний індекс УДК 821.161.2
Авторський знак (НП) К90
040 ## - Джерело каталогізації
Агенція оригінальної каталогізації UA-OsUOA
Мова каталогізації ukr
Агенція, яка здійснювала перезапис UA-OsUOA
Агенція, яка здійснювала модифікацію UA-OsUOA
041 ## - Код мови
Код мови тексту/ звукової доріжки чи окремого заголовка (П) ukr
080 ## - Індекс Універсальної десяткової класифікації
Індекс Універсальної десяткової класифікації (УДК) (НП) 821.161.2
020 ## - Міжнародний стандартний книжковий номер (ISBN)
Міжнародний стандартний книжковий номер (ISBN) (НП) 966-7270-41-6
100 ## - Основне введення – ім’я особи
Ім’я особи (НП) Кулиняк Д. І.
245 ## - Відомості про назву
Назва (НП) "Од Калниша вісті..."
Решта назви (НП) Історично-документальна повість
260 ## - Публікація, розповсюдження і т.п. (Вихідні дані)
Місце публікації, розповсюдження і т.п. (П) К.
Ім’я/ наймення видавництва, розповсюджувача і т.п. (П) Київська правда
Дата публікації, розповсюдження і т.п. (П) 2004
300 ## - Фізичний опис
Обсяг 344 с.
650 #7 - Додаткове предметне введення – тематичний термін
Тематичний термін чи географічна назва, як елемент введення (НП) 82 Література. Літературознавство
Джерело заголовка чи терміна UDC
942 ## - Додаткові елементи входу (Коха)
Тип елемента Koha Книги
955 ## - Код типу видання за змістом
Код типу видання за змістом (НП) Літературно-художні видання
Фонди
Стан вилучень Стан втрат Джерело класифікації або схеми стелажів Стан уражень Не для кредиту Постійне місце розташування Поточне розміщення Дата придбання Джерело придбання Вартість, звичайна ціна покупки Інвентарний номер Усього замовленно Повний номер виклику Штрих-код Дата останнього перегляду Ціна ефективна від Тип елемента Koha
    Universal Decimal Classification     АБ - Абонемент НБ АБ - Абонемент НБ 07/05/2007 91/2007 11.04 104622   821.161.2 К90 104622 29/03/2022 09/06/2005 Книги
    Universal Decimal Classification     АБ - Абонемент НБ АБ - Абонемент НБ 09/06/2005 95/2005 11.92 86016   821.161.2 К90 86016 29/03/2022 09/06/2005 Книги
    Universal Decimal Classification     АБ - Абонемент НБ АБ - Абонемент НБ 09/06/2005 95/2005 11.92 86017   821.161.2 К90 86017 29/03/2022 09/06/2005 Книги
    Universal Decimal Classification     АБ - Абонемент НБ АБ - Абонемент НБ 09/06/2005 95/2005 11.92 86018   821.161.2 К90 86018 29/03/2022 09/06/2005 Книги
    Universal Decimal Classification     АБ - Абонемент НБ АБ - Абонемент НБ 09/06/2005 95/2005 11.92 86019   821.161.2 К90 86019 29/03/2022 09/06/2005 Книги
    Universal Decimal Classification     АБ - Абонемент НБ АБ - Абонемент НБ 09/06/2005 95/2005 11.92 86020   821.161.2 К90 86020 29/03/2022 09/06/2005 Книги
    Universal Decimal Classification     АБ - Абонемент НБ АБ - Абонемент НБ 09/06/2005 95/2005 11.92 86021   821.161.2 К90 86021 29/03/2022 09/06/2005 Книги
    Universal Decimal Classification     АБ - Абонемент НБ АБ - Абонемент НБ 09/06/2005 95/2005 11.92 86022   821.161.2 К90 86022 29/03/2022 09/06/2005 Книги
    Universal Decimal Classification     АБ - Абонемент НБ АБ - Абонемент НБ 09/06/2005 95/2005 11.92 86023   821.161.2 К90 86023 29/03/2022 09/06/2005 Книги
    Universal Decimal Classification     АБ - Абонемент НБ АБ - Абонемент НБ 09/06/2005 95/2005 11.92 86024   821.161.2 К90 86024 29/03/2022 09/06/2005 Книги
    Universal Decimal Classification     АБ - Абонемент НБ АБ - Абонемент НБ 09/06/2005 95/2005 11.92 86025   821.161.2 К90 86025 29/03/2022 09/06/2005 Книги